Cristianismo oriental
Saved in:
| Hovedforfatter: | |
|---|---|
| Format: | Bog |
| Sprog: | spansk |
| Udgivet: |
Madrid
Guadarrama
1962
|
| Serier: | Historia de las Religiones Guadarrama
|
| Fag: | |
| Tags: |
Tilføj Tag
Ingen Tags, Vær først til at tagge denne postø!
|
MARC
| LEADER | 00000nam a2200000 a 4500 | ||
|---|---|---|---|
| 001 | UCT5939 | ||
| 003 | CL-VaPUC | ||
| 008 | 961223e19620000SP |||||||||||||||||spa|d | ||
| 082 | 0 | 4 | |a 239 |b ZER |2 21 |
| 100 | 0 | |a Zernov, Nicolas |e author |9 375571 | |
| 245 | 1 | 0 | |a Cristianismo oriental |
| 300 | |a 395 p | ||
| 942 | |c BK | ||
| 945 | |d 19961223 00:00:00 |a rleighto | ||
| 260 | |a Madrid |b Guadarrama |c 1962 | ||
| 650 | 7 | |a ORTODOXIA |2 CL-VaPUC |9 373475 | |
| 650 | 0 | |a Cristianismo |9 257361 | |
| 650 | 7 | |a IGLESIA ORTODOXA |2 CL-VaPUC |9 375572 | |
| 583 | |a last modification |c 19961223 00:00:00 |k Rodrigo Vera | ||
| 490 | 0 | |a Historia de las Religiones Guadarrama | |
| 999 | |c 254707 |d 254705 | ||
| 952 | |0 0 |1 0 |4 0 |6 239_000000000000000_ZER_1962 |7 0 |8 A |9 276564 |a BIBHIS |b BIBHIS |d 2019-11-19 |i 3263355 |o 239 ZER 1962 |p 3263355 |r 2025-01-20 |w 2019-11-19 |y BK |k HIS | ||